000 00611nam a22002177a 4500
999 _c20668
_d20668
003 AR-CdUCM
008 190423b ||||| |||| 00| 0 eng d
020 _a9788416117017
040 _aMUNICIPALIDAD PROVINCIAL DEL CUSCO
_cBIBLIOTECA MUNICIPAL DEL CUSCO
082 _aPI / 376.1 /
_bC73
100 _aMoreno Florez
_943212
245 _aCuerpos geométricos /
260 _bCombel,
_c2006.
300 _c28 cm
_bFiguras,
505 _aContenido : 33 Figuras armables.
650 _afIguras
_914139
650 _aGeométricas
_943213
650 _ainfantil
_96210
942 _2ddc
_cLIBROS
945 _arcc